000 00256 a2200109 4500
001 146979
040 _cEscola São Tomás de Aquino
240 1 0 _aDe avestruz a zebras
_lpor
245 1 0 _aDe avestruz a zebras
697 _a*LITERATURA INFANTIL
942 _cBK
999 _c146979
_d146979